| 000 | 00552nam a2200157 a 4500 | ||
|---|---|---|---|
| 001 | 4544 | ||
| 003 | CDMR | ||
| 005 | 20131126173824.0 | ||
| 008 | 130130s1970||||||||||||||||||||||||||||d | ||
| 040 |
_aCDMR _bcat _cCDMR |
||
| 245 | 0 |
_aEstudio crítico de la legislación de prensa _b: coloquios organizados por el Círculo de Estudios Jurídicos de Madrid los días 20, 21 y 23 de abril de 1970 |
|
| 260 |
_aMadrid _c1970 _bCírculo de Estudios Jurídicos |
||
| 300 |
_a155 p ; _c23 cm |
||
| 650 | 0 | 4 |
_94383 _aPremsa _xDret i legislació _zEspanya |
| 942 |
_cMON _2udc |
||
| 999 |
_c4544 _d4544 |
||